1903 1178 1062 1719 1241 1442 1206 1070 1263 1377 1295 1759 1813 1534 1226 1667 1248 1573 1998 1124 1944 1508 1670 1779 1746 1342 1997 1960 1340 1327 1631 1695 1840 1190 1560 1075 1882 1654 1161 1486 1589 1949 1929 1396 1401 1835 1717 1912 1799 1393 1417 1864 1051 1852 1950 1119 1165 1125 1976 1362 1244 1409 1728 1518 1423 1886 1379 1139 1265 1644 1328 1755 1832 1587 1401 1185 1147 1606 1916 1402 1034 1178 1035 1845 1308 1516 1251 1130 1151 1891 1668 1196 1670 1690 1927 1924 1379 1375 1420 BCNSPRNW ULIB Ver.6.0+V

เปลี่ยนเป็นภาษาไทย

Change to English
 แสดงรายละเอียดบรรณานุกรม
  กลับหน้าหลัก

Brief Record : Get Marc (ISO 2709) : E-mail record : QR code < ปิดหน้าต่าง
LEADER : 00000nam 2200000uu 4500
001    13399120883
003     ULIB
008    020711s2549 th a 000 0 tha d
020    9749477324
050    D907 ส642ล
100    สาธิยา ศิริพจนากร
245    ลืมหัวใจไว้ที่ยุโรป/^cสาธิยา ศิริพจนากร
250    พิมพ์ครั้งที่ 1
260    กรุงเทพฯ :^bอทิตตา,^c2549
945    ^p0^l0^i24785
999    ^aทศพร เกษรทอง
รายการนี้ยังไม่มีแท็ก
คุณยังไม่ได้ล็อกอิน คุณสามารถมีกิจกรรมร่วมกับเว็บไซต์ได้ แต่ต้องล็อกอินก่อน ::
  ล็อกอิน

รายการสื่อสารสนเทศ

ลำดับที่ ประเภท เลขเรียก/บาร์โค้ด สถานที่ สถานะ
1. วิทยาศาสตร์การแพทย์ และสุขภาพ
วิทยาศาสตร์การแพทย์ และสุขภาพ
D907 ส642ล  
  Barcode: 24785
ห้องสมุดวิทยาเขตสวรรค์ประชารักษ์
►หนังสือทั่วไป
บนชั้น

BibComment


ยังไม่เคยถูกคอมเมนท์

คอมเมนท์ทรัพยากรรายการนี้
  คอมเมนท์: ลืมหัวใจไว้ที่ยุโ..


 Copyright 2026. Bcnsprnw @Library